Guess the Fusion Rock Song Lyrics #209 - Statistics

General Stats
  • This quiz has been taken 18 times
  • The average score is 163 of 232
Answer Stats
Answers % Correct
a
100%
I
92%
my
92%
the
92%
you
92%
You
92%
your
92%
be
85%
could
85%
heart
85%
know
85%
of
85%
to
85%
all
77%
do
77%
have
77%
in
77%
It's
77%
look
77%
me
77%
need
77%
never
77%
on
77%
So
77%
what
77%
with
77%
you're
77%
Baby
69%
draggin
69%
eye
69%
girl
69%
had
69%
really
69%
some
69%
Stop
69%
stop
69%
think
69%
This
69%
wanna
69%
wanted
69%
was
69%
you've
69%
about
62%
around
62%
at
62%
better
62%
come
62%
hard
62%
little
62%
lookin
62%
Make
62%
nothin
62%
own
62%
tell
62%
yeah
62%
Yeah
62%
after
54%
Ain't
54%
didn't
54%
down
54%
get
54%
got
54%
into
54%
Now
54%
old
54%
said
54%
someone
54%
Stevie Nicks and Tom Petty
54%
supposed
54%
use
54%
used
54%
world
54%
am
46%
anything
46%
before
46%
door
46%
even
46%
front
46%
gettin
46%
goodbye
46%
knockin
46%
People
46%
runnin
46%
Same
46%
town
46%
trouble
46%
well
46%
big
38%
bright
38%
doesn't
38%
eyed
38%
kid
38%
loose
38%
lost
38%
round
38%
weight
38%
demons
31%
keepin
31%
line
31%
buckle
23%
meal
23%
word
23%
No matching quizzes found
Score Distribution
Percent of People with Each Score
Percentile by Number Answered
Your Score History
You have not taken this quiz